Sumergirse en el aprendizaje profundo : herramientas atractivas /
Los autores definen al aprendizaje profundo como aquel dirigido a comprender mejor el mundo, a mejorarlo, y a generar una diferencia tanto a corto como a largo plazo. Se reconocen seis competencias en el desarrollo del aprendizaje profundo: construcción de ciudadanía, creatividad, colaboración, cará...
Tallennettuna:
| Muut tekijät: | |
|---|---|
| Aineistotyyppi: | Kirja |
| Kieli: | espanja |
| Julkaistu: |
Madrid, España :
Morata,
2021, c2021
|
| Aiheet: | |
| Tagit: |
Ei tageja, Lisää ensimmäinen tagi!
|
MARC
| LEADER | 00000nam^a2200000^a^4500 | ||
|---|---|---|---|
| 001 | 000578305 | ||
| 005 | 20250521000000.0 | ||
| 009 | 20260310132506.261 | ||
| 020 | |a 978-84-18381-34-8 | ||
| 037 | |a Acervo ITESO - Biblioteca | ||
| 041 | |a ESP | ||
| 082 | |a 371. 39 |b SUM | ||
| 245 | 0 | 0 | |a Sumergirse en el aprendizaje profundo : |b herramientas atractivas / |c J. Quinn et al. |
| 264 | 4 | |a Madrid, España : |b Morata, |c 2021, c2021 | |
| 300 | |a 291 p. | ||
| 336 | |a texto |b txt |2 rdacontenido | ||
| 337 | |a sin mediación |b n |2 rdamedio | ||
| 338 | |a volumen |b nc |2 rdasoporte | ||
| 500 | |a Traducción de: Dive into Deep Learning: Tools for Engagement | ||
| 520 | |a Los autores definen al aprendizaje profundo como aquel dirigido a comprender mejor el mundo, a mejorarlo, y a generar una diferencia tanto a corto como a largo plazo. Se reconocen seis competencias en el desarrollo del aprendizaje profundo: construcción de ciudadanía, creatividad, colaboración, carácter, pensamiento crítico y comunicación. En esta obra se presentan distintas herramientas y guías pedagógicas para lograr el aprendizaje en los estudiantes. | ||
| 521 | |a FIL 2023 DIA | ||
| 649 | |a XX | ||
| 650 | |a Tecnologías de Comunicación e Información - |x Función Educativa-Cultural | ||
| 650 | |a Carácter | ||
| 650 | |a Creatividad | ||
| 650 | |a Pensamiento Crítico | ||
| 650 | |a Estrategias de Aprendizaje | ||
| 650 | |a Habilidades de Aprendizaje | ||
| 650 | |a Aprendizaje Basado en Problemas | ||
| 650 | |a Aprendizaje Colaborativo | ||
| 650 | |a Aprendizaje Significativo - |x Tema Principal | ||
| 650 | |a Aprendizaje - |x Tema Principal | ||
| 650 | |a Metodología Educativa | ||
| 650 | |a Práctica Educativa | ||
| 650 | |a Proceso Educativo | ||
| 650 | |a Innovación Educativa | ||
| 650 | |a Comunicación - |x Estudio y Enseñanza | ||
| 650 | |a Finalidades de la Educación | ||
| 650 | |a Educación y Política | ||
| 650 | |a Educación y Sociedad | ||
| 650 | |a Educación Cívica | ||
| 650 | |a Educación - |x Teoría | ||
| 700 | |a Quinn, Joanne |e (autor) | ||
| 910 | |a Fondo General | ||
| 920 | |a Impresos - Libros | ||
| 930 | |a Colección General | ||
| 905 | |a 101 | ||
| 901 | |a 0500405657 |b IT1 |c ACC |i C184846 |u 20250521 | ||
| 902 | |a https://opac.biblio.iteso.mx/vufind/Record/000578305 | ||